CASTE TRIBE & CULTURE OF INDIA.VOL -5 UTTER PRADESH (Record no. 243255)

MARC details
000 -LEADER
fixed length control field 00410pam a2200169 a 4500
020 ## - INTERNATIONAL STANDARD BOOK NUMBER
Terms of availability
041 ## - LANGUAGE CODE
Language code of original
082 ## - DEWEY DECIMAL CLASSIFICATION NUMBER
Classification number 641.5
100 ## - MAIN ENTRY--PERSONAL NAME
Personal name BAHADUR K.P.
Relator term Author
245 ## - TITLE STATEMENT
Title CASTE TRIBE & CULTURE OF INDIA.VOL -5 UTTER PRADESH
Statement of responsibility, etc. BAHADUR K.P.
Medium Textual Documents
250 ## - EDITION STATEMENT
Edition statement 1st
260 ## - PUBLICATION, DISTRIBUTION, ETC.
Place of publication, distribution, etc. New Delhi
Name of publisher, distributor, etc. Ess Ess Pub
300 ## - PHYSICAL DESCRIPTION
Extent 119
653 ## - INDEX TERM--UNCONTROLLED
Uncontrolled term food Producation
700 ## - ADDED ENTRY--PERSONAL NAME
Relator term Co-Author
930 ## - EQUIVALENCE OR CROSS-REFERENCE-UNIFORM TITLE HEADING [LOCAL, CANADA]
Uniform title 634

No items available.